2000 1617 1300 1042 1384 1191 1481 1115 1222 1810 1706 1243 1455 1737 1688 1878 1433 1394 1182 1825 1052 1840 1495 1865 1027 1054 1305 1364 1585 1525 1087 1960 1899 1255 1790 1646 1095 1374 1440 1306 1913 1202 1658 1978 1666 1514 1906 1275 1827 1885 1609 1458 1016 1294 1071 1926 1962 1202 1693 1861 1682 1113 1849 1392 1919 1292 1807 1233 1584 1280 1128 1640 1332 1709 1021 1385 1945 1292 1888 1470 1961 1335 1513 1591 1095 1753 1076 1312 1234 1434 1590 1960 1318 1328 1936 1012 1561 1664 1916 BCNSPRNW ULIB Ver.6.0+V

เปลี่ยนเป็นภาษาไทย

Change to English
 แสดงรายละเอียดบรรณานุกรม
  กลับหน้าหลัก

Brief Record : Get Marc (ISO 2709) : E-mail record : QR code < ปิดหน้าต่าง
LEADER : 00000nam a2200000 a 4500
001    13399128121
003     ULIB
008    220411s2564 th a b 001 0 tha d
020    ^a9786165862073
040    ^abpy
060 04 ^aW20.55.T6^bส867ท
100 0  ^aสุรีย์พันธุ์ วรพงศธร
245 10 ^aเทคนิคการสร้างและการตรวจสอบคุณสมบัติการวัดของเครื่องมือวิจัยทางสุขภาพ/^cสุรีย์พันธุ์ วรพงศธร
250    ^aพิมพ์ครั้งที่ 1
260    ^aเชียงใหม่ :^bวนิดาการพิมพ์,^c2564
300    ^aก-ณ, 281 หน้า :^bภาพประกอบ ;^c26 ซม.
504    ^aมีบรรณานุกรมและดัชนี
505 0  ^aส่วนที่ 1 ภาคทฤษฎี -- หลักการสร้างเครื่องมือวิจัยทางสุขภาพ --การตรวจสอบคุณสมบัติการวัดของเครื่องมือวิจัยทางสุขภาพ -- ส่วนที่ 2ภาคปฏิบัติ --โปรแกรมคอมพิวเตอร์สำหรับการตรวจสอบคุณสมบัติการวัดของเครื่องมือวิจัยทางสุขภาพ --การตรวจสอบคุณสมบัติการวัดของเครื่องมือวิจัยทางสุขภาพโดยใช้โปรแกรม IBMSPSS --การวิเคราะห์ค่าความตรงของเครื่องมือวิจัยทางสุขภาพโดยใช้โปรแกรม IBNSPSS --การวิเคราะห์ค่าความตรงของเครื่องมือวิจัยทางสุขภาพโดยใช้โปรแกรม AMOS
650  4 ^aวิจัย^xเครื่องมือ
650  4 ^aไอบีเอ็ม เอสพีเอสเอส (โปรแกรมคอมพิวเตอร์)
650  4 ^aวิทยาศาสตร์สุขภาพ^xวิจัย
945    ^p379^l0^i29376
945    ^p379^l0^i29377
945    ^p379^l0^i29378
945    ^p379^l0^i29379
945    ^p379^l0^i29380
995    ^aกัณชพร จุลอักษร
999    ^aกัณชพร
รายการนี้ยังไม่มีแท็ก
คุณยังไม่ได้ล็อกอิน คุณสามารถมีกิจกรรมร่วมกับเว็บไซต์ได้ แต่ต้องล็อกอินก่อน ::
  ล็อกอิน

รายการสื่อสารสนเทศ

ลำดับที่ ประเภท เลขเรียก/บาร์โค้ด สถานที่ สถานะ
1. หนังสือสำรอง
หนังสือสำรอง
W20.55.T6 ส867ท ฉ.1 
  Barcode: 29376
ห้องสมุดวิทยาเขตนครสวรรค์
►หนังสือทั่วไป:l:General Books
บนชั้น
2. วิทยาศาสตร์การแพทย์ และสุขภาพ
วิทยาศาสตร์การแพทย์ และสุขภาพ
W20.55.T6 ส867ท ฉ.2 
  Barcode: 29377
ห้องสมุดวิทยาเขตนครสวรรค์
►หนังสือทั่วไป:l:General Books
บนชั้น
3. วิทยาศาสตร์การแพทย์ และสุขภาพ
วิทยาศาสตร์การแพทย์ และสุขภาพ
W20.55.T6 ส867ท ฉ.3 
  Barcode: 29378
ห้องสมุดวิทยาเขตนครสวรรค์
►หนังสือทั่วไป:l:General Books
บนชั้น
4. วิทยาศาสตร์การแพทย์ และสุขภาพ
วิทยาศาสตร์การแพทย์ และสุขภาพ
W20.55.T6 ส867ท ฉ.4 
  Barcode: 29379
ห้องสมุดวิทยาเขตนครสวรรค์
►หนังสือทั่วไป:l:General Books
บนชั้น
5. วิทยาศาสตร์การแพทย์ และสุขภาพ
วิทยาศาสตร์การแพทย์ และสุขภาพ
W20.55.T6 ส867ท ฉ.5 
  Barcode: 29380
ห้องสมุดวิทยาเขตนครสวรรค์
►หนังสือทั่วไป:l:General Books
บนชั้น

รายการใกล้เคียง
    ผู้แต่ง [สุรีย์พันธุ์ วรพงศธร]

    หัวเรื่อง [วิจัย เครื่องมือ]
    หัวเรื่อง [ไอบีเอ็ม เอสพีเอสเอส (โปรแกรมคอมพิวเตอร์)]

BibComment


ยังไม่เคยถูกคอมเมนท์

คอมเมนท์ทรัพยากรรายการนี้
  คอมเมนท์: เทคนิคการสร้างแล..


 Copyright 2026. Bcnsprnw @Library